South Eastern Kenya University

Library Online Public Access Catalogue


Rental housing; (Record no. 3673)

MARC details
000 -LEADER
fixed length control field 00479nam a22001577a 4500
020 ## - ISBN
International Standard Book Number 9211316871
050 ## - LIBRARY OF CONGRESS CALL NUMBER
Classification Number HD1330
Item Number .R46
100 ## - MAIN ENTRY--Author
Personal name UN Centre for Human Settlements (Habitat)
245 ## - TITLE
Title Rental housing;
Remainder of title an essential option for the urban poor in developing countries
260 ## - PUBLICATION, DISTRIBUTION, ETC.(IMPRINT)
Place of publication, distribution, etc Nairobi
Name of publisher, distributor, etc UN-HABITAT
Date of publication, distribution, etc 2003
300 ## - PHYSICAL DESCRIPTION
Extent xxii, 251 p. : ill., maps, tables.
650 ## - SUBJECT--TOPIC
Topical term following geographic name as entry element Rental housing
650 ## - SUBJECT--TOPIC
Topical term following geographic name as entry element urban areas
650 ## - SUBJECT--TOPIC
Topical term following geographic name as entry element developing countries
942 ## - ADDED ENTRY ELEMENTS(KOHA)
Koha item type General circulation
Holdings
Source of classification or shelving scheme Not for loan Location (home branch) Sublocation (holding branch) Date accessioned Cost, normal purchase price Full call number Barcode Copy number Cost, replacement price Koha item type Public note
Library of Congress Classification   Main Campus Library Main Campus Library 16/10/2014 1325.00 HD1330 .R46 2016/014457 C.1 1825.00 General circulation LWG
Library of Congress Classification   Main Campus Library Main Campus Library 21/10/2014 1325.00 HD1330 .R46 2016/014458 C.2 1825.00 General circulation LWG
Kitui, Kenya.
+254736116989
library@seku.ac.ke